000 00585cam a22002411 4500
001 sa 62001196
003 DLC
005 20260227111918.0
008 911206s1961 ii 000 0 maro
010 _asa 62001196
035 _a(OCoLC)24904626
040 _aDLC
_cWaU
_dDLC
042 _apremarc
043 _aa-ii---
050 0 0 _aPK2167
_b.P3
100 1 _aPagdi, Setumadhava Rao.
245 1 0 _aUrdū kāvyācā paricaya.
260 _c[1961]
300 _a332 p.
_c23 cm.
500 _aIn Marathi.
500 _aPoems.
650 0 _aUrdu poetry
_xHistory and criticism.
999 _c53205
_d53205